000 00421nam a22001457a 4500
022 _a0442230907
082 _a620.11223
_bKNO
_cL-21, P-81
100 _aKnofel, dietbert
_940854
245 _aCorrosion of building material /
_cDietbert Knofel
260 _aGermany :
_bVan Nostrand Reinhold Company,
_c1978.
300 _a107 p. :
526 _a0
_b0
_c0
_d620_112230000000000_KNO
650 _aMCE
_9379
942 _2ddc
_cBK
999 _c545094
_d545094